Vương triều sụp đổ
Đã lưu trong:
| 主要作者: | |
|---|---|
| 格式: | 圖書 |
| 語言: | Undetermined |
| 出版: |
H.
Phụ Nữ
2003
|
| 主題: | |
| 標簽: |
添加標簽
沒有標簽, 成為第一個標記此記錄!
|
| Thư viện lưu trữ: | Trung tâm Học liệu Trường Đại học Cần Thơ |
|---|
| LEADER | 00501nam a2200181Ia 4500 | ||
|---|---|---|---|
| 001 | CTU_56952 | ||
| 008 | 210402s9999 xx 000 0 und d | ||
| 020 | |b 66000 | ||
| 082 | |a 895.9223081 | ||
| 082 | |b H103 | ||
| 100 | |a Hoàng Quốc Khải | ||
| 245 | 0 | |a Vương triều sụp đổ | |
| 245 | 0 | |c Hoàng Quốc Khải | |
| 260 | |a H. | ||
| 260 | |b Phụ Nữ | ||
| 260 | |c 2003 | ||
| 650 | |a historical fiction, vietnamese | ||
| 980 | |a Trung tâm Học liệu Trường Đại học Cần Thơ | ||